000 00622nam a2200181 i 4500
001 67575
003 ES-MaACL
005 20230906170115.0
007 t|
008 040604s2003 sp ||||1| spa d
080 _a821.134.2-14"19"
100 1 _aGonzález-Castell Zoydo, Piedad.
_958503
245 1 3 _aEl silencio y la palabra /
_cPilar González-Castell Zoydo.
260 _a[Badajoz] :
_bDiputación de Badajoz, Area de Cultura,
_c[2003]
300 _a90 p. :
_bil. col. ;
_c22 cm.
500 _aEn port.: Finalista del XIX Premio Mundial Fernando Rielo de Poesía Mística.
852 _aES-MaACL
_jL-27816
_bR.133575
999 _c67575
_d67575